00459cam a22001572 4500001001100000005001700011008004100028020000600069040004500075100002500120245004900145250001000194260005500204300002100259650002100280000000091720170406112959.0131120s xx 000 0 eng d c$ aYour Holding SymbolcYour Holding Symbol1 aCatholic conference.10aEducation in human sexuality for christians. a ed. aunited catholic conference :bMssachusetts,c1981. a118 p. ;c cm. 0ahuman sexuality.